000
00216 a2200097 4500
020
_a
9780199455447
100
_a
Vandana Ahuja
245
_a
Digital marketing
260
_b
Oxford University Press
_c
2024
942
_c
OO
999
_c
115565
_d
115564